00454 a2200169 450000500170000002000200001708200120003710000190004924500460006825000120011426000390012630000300016570000240019570000220021970000170024170000260025820250613103745.0 a978-07-352678-2 a657 EDM aEDMONDS, P. T. aFundamental Financial Accounting Concepts a6th Ed. aBoston,bMcGraw-Hill Irwin,c2008. axxvii,761p.bIndexc28 cm aCindy D. Edmonds, , aFrances M. McNair aard E. Milam a Edw $ Philip R. Olds